00845cam a2200253 a 4500001000500000005001700005020001700022040002300039050002200062082001000084100001700094245006500111260005700176300005800233490002600291505000900317520012900326521002000455521002000475650003100495650002400526650001900550650002200569253520240105155123.0 a076645067005 aDLCcDLCdDLCbeng00aPZ8.3.R275b 199500aE2211 aReiser, Lori10aGood morning, farm /cwritten and illustrated by Lori Reiser aGrand Haven ;bSchool Zone Publishing Company,c1995 a23 unnumbered pages : bcolor illustrations ; c21 cm aA little People Book  aG  aOn a typical morning on the farm the animals are sleeping until the chicken wakes them, and the activities of the day begin. a390 bLexile  aG bRaz-Plus  1aDomestic animalsxFiction. 1aFarm lifexFiction. 1aToysxFiction. 1aStories in rhyme.